| 000 | 00501nam a22001817a 4500 | ||
|---|---|---|---|
| 003 | CEME | ||
| 005 | 20210628202955.0 | ||
| 008 | 210415b xxu||||| |||| 00| 0 eng d | ||
| 020 | _a0-08-034756-8 | ||
| 040 | _c. | ||
| 082 | _a623.74752 HIL | ||
| 100 |
_aHilmes, Rolf _962663 |
||
| 245 | _aMain battle tanks , developments in design since 1945 | ||
| 260 |
_aLONDON _bBRASSEY'S DEFENCE PUBLSHERS _c1987 |
||
| 300 | _a131P | ||
| 650 |
_aTANKS-MILITRY SCIENCE-HISTORY TANK _962664 |
||
| 942 |
_cBK _2ddc |
||
| 999 |
_c571704 _d571704 |
||